1014 1431 1402 1570 1823 1996 1645 1953 1512 1607 1494 1656 1960 1213 1588 1178 1683 1002 1350 1635 1696 1444 1972 1246 1393 1262 1320 1774 1741 1939 1388 1931 1727 1156 1506 1249 1421 1543 1089 1877 1642 1369 1057 1242 1130 1126 1298 1590 1992 1101 1537 1699 1044 1351 1030 1616 1367 1634 1128 1223 1057 1777 1408 1379 1113 1896 1832 1609 1837 1009 1188 1539 1611 1981 1049 1997 1554 1461 1140 1360 1322 1904 1852 1030 1473 1554 1665 1217 1266 1014 1402 1422 1786 1918 1725 1179 1534 1200 1597 BCNSPRNW ULIB Ver.6.0+V

เปลี่ยนเป็นภาษาไทย

Change to English
 แสดงรายละเอียดบรรณานุกรม
  กลับหน้าหลัก

Brief Record : Get Marc (ISO 2709) : E-mail record : QR code < ปิดหน้าต่าง
LEADER : 00000nam 2200000uu 4500
001    13399123024
003     ULIB
008    131128s2555||||th 000 0 tha d
020    ^a97861621425673
090    ^aนว^bพ187พ ล.23
100 0  ^aพนมเทียน
245 10 ^aเพชรพระอุมา: แงซายจอมจักรา เล่ม 3/^cพนมเทียน
250    ^aพิมพ์รวมเล่มครั้งที่ 6
260    ^aกรุงเทพฯ :^bณ บ้านวรรณกรรม,^c2555
300    ^a431 หน้า
505 00 ^a^gล.1-4^tไพรมหากาฬ --^gล.5-8^tดงมรณะ -- ^gล.9-12^tจอมผีดิบมันตรัย -- ^gล.13-16^tอาถรรพณ์นิทรานคร -- ^gล.17-20^tป่าโลกล้านปี -- ^gล.21-24^tแงซายจอมจักรา -- ^gล.25-28^tจอมพราน -- ^gล.29-32^tไอ้งาดำ -- ^gล.33-36^tจิตรางคนางค์-- ^gล.37-40^tนาคเทวี -- ^gล.41-44^tแด่ปางบรรพ์ -- ^gล.45-48^tมงกุฎไพร
650  4 ^aนวนิยายไทย
945    ^p225^l0^i034227
999    ^aเกษร โพธิ์สุวรรณ
รายการนี้ยังไม่มีแท็ก
คุณยังไม่ได้ล็อกอิน คุณสามารถมีกิจกรรมร่วมกับเว็บไซต์ได้ แต่ต้องล็อกอินก่อน ::
  ล็อกอิน

รายการสื่อสารสนเทศ

ลำดับที่ ประเภท เลขเรียก/บาร์โค้ด สถานที่ สถานะ
1. นวนิยาย
นวนิยาย
นว พ187พ ล.23  
  Barcode: 034227
ห้องสมุดวิทยาเขตสวรรค์ประชารักษ์
►นวนิยาย
บนชั้น
  ขอยืม

รายการใกล้เคียง
    ผู้แต่ง [พนมเทียน]

    หัวเรื่อง [นวนิยายไทย]

BibComment


ยังไม่เคยถูกคอมเมนท์

คอมเมนท์ทรัพยากรรายการนี้
  คอมเมนท์: เพชรพระอุมา แงซา..


 Copyright 2026. Bcnsprnw @Library